000 01495nam0a22002651 4500
001 rc\3651214
005 20260408074656.0
021 _aRU
_bРг10061-74
021 _aRU
_b74-69924
035 _a(NLR Aleph) 007734245
090 _a7088623
_c7088623
100 _a20130115d1974 |||y0rusy50 ca
101 0 _arus
102 _aRU
105 _ay z |||||
200 1 _aРекомендации по назначению отпускной прочности бетона железобетонных и бетонных изделий, выпускаемых предприятиями Главмоспромстройматериалов
_eР 54-74
_fВсесоюз. науч.-исслед. ин-т заводской технологии сборных железобетонных конструкций и изделий. ВНИИЖелезобетон М-ва пром. строит. материалов СССР. Главмоспромстройматериалы при Мосгорисполкоме. Техн. упр.
210 _aМосква
_cБ. и.
_d1974
215 _a54 с.
_cграф.
_d21
320 _aБиблиогр.: с. 52-53
710 0 2 _aМосковское главное управление промышленности строительных материалов и строительных деталей
_3RU\NLR\AUTH\8810066067
_9633759
801 0 _aRU
_bNLR
_gpsbo
801 1 _aRU
_bELAR
_2rusmarc
852 _aNLR
_j73-6/15400
942 _cBOOK
980 _aNB